Movies Quiz

Random Movies Quiz

Tom Hanks Characters Quiz Stats

 Plays Quiz not verified by Sporcle

Score 0/38 Timer 08:00
0 Plays Today
Movie Character % Correct
Toy Story Woody
91.9%
Toy Story 2 Woody
91.9%
Toy Story 3 Woody
91.9%
Forrest Gump Forrest Gump
91%
Charlie Wilson's WarCharlie Wilson
73.9%
You've Got Mail Joe Fox
69.4%
Joe Versus the Volcano Joe Banks
68.5%
Turner and Hooch Detective Scott Turner
62.2%
Apollo 13 Jim Lovell
62.2%
The Da Vinci Code Robert Langdon
61.3%
Angels & Demons Robert Langdon
61.3%
Saving Private Ryan Captain John H. Miller
51.4%
Road to Perdition Michael Sullivan, Sr.
51.4%
BigJosh Baskin
48.6%
A League of Their Own Jimmy Dugan
45.9%
Catch Me if You Can Agent Carl Hanratty
43.2%
Philadelphia Andrew Beckett
41.4%
Radio Flyer Mike
34.2%
The Green Mile Paul Edgecombe
31.5%
Movie Character % Correct
The Polar Express Santa Claus, Father..
31.5%
Cast Away Chuck Noland
30.6%
Sleepless in Seattle Sam Baldwin
27.9%
Every Time We Say GoodbyeDavid Bradley
26.1%
Nothing in CommonDavid Basner
26.1%
That Thing You Do! Mr. White
24.3%
The Terminal Viktor Navorski
21.6%
Splash Allen Bauer
19.8%
Bachelor Party Rick Gassko
18%
The Money Pit Walter Fielding, Jr.
17.1%
Punchline Steven Gold
17.1%
The Man With One Red Shoe Richard Harlan Drew
16.2%
Dragnet Pep Streebeck
16.2%
Volunteers Lawrence Whatley Bourne III
11.7%
The 'Burbs Ray Peterson
11.7%
He Knows You're AloneElliot
9.9%
The Bonfire of the Vanities Sherman McCoy
9.9%
The Ladykillers Professor G.H. Dorr
8.1%
The Great Buck Howard Mr. Gable
7.2%

You're not logged in!

Compare scores with friends on all Sporcle quizzes.
OR
Log In

Show Comments

Extras

Top Quizzes Today


Score Distribution

Your Account Isn't Verified!

In order to create a playlist on Sporcle, you need to verify the email address you used during registration. Go to your Sporcle Settings to finish the process.

Report this User

Report this user for behavior that violates our Community Guidelines.

Details: